000 01072nac a22003377a 4500
001 BR9803783
003 BR-BrBNA
005 20240105122034.0
008 230509b bl.|||m| |||| 00| 0 por d
040 _aBR-BrBNA
_bpor
_cBiblioteca Nacional de Agricultura
072 _aF01
090 _a0430 BR9803783
100 1 _aAzevedo, D.M.P. de
100 1 _aBeltrao, N.E. de M.
100 1 _aVieira, D.J.
100 1 _aNobrega, L.B. da
110 1 _aCentro Nacional de Pesquisa do Algodao, Campina Grande, PB (Brasil)
_91702
245 1 _aEstudo da viabilidade de uso de faixas de vegetacao natural entre fileiras do algodao moco
260 3 _aCampina Grande, PB (Brasil):
_c1997.
300 _a5 p.
490 _aComunicado Tecnico - Centro Nacional de Pesquisa do Algodao (Brazil)
_vno. 67
_x
500 _a11 ref.
650 _aAlgodao Moco
650 _aVariedade
650 _aEspacamento
650 _aRendimento
650 _aRio Grande do Norte
650 _aParaiba
909 _a202312
_bLúcia Elande
_c55
_dLúcia Elande
942 _2AGRIS
_n0
_cMS
999 _c288863
_d288863